| 000 | 01181nam0a22002531 4500 | ||
|---|---|---|---|
| 001 | rc\2712796 | ||
| 005 | 20250529123414.0 | ||
| 035 | _a(NLR Aleph) 006840688 | ||
| 090 |
_a6642319 _c6642319 |
||
| 100 | _a20110915d1934 |||y0rusy50 ca | ||
| 101 | 0 | _arus | |
| 102 | _aRU | ||
| 105 | _ay z ||||| | ||
| 200 | 1 |
_aК новому подъему всей оборонной работы _eВыступление тов. Эйдемана на совещании Президиума Центр. совета Осоавиахима с пред. республиканских, обл. и краев. советов |
|
| 210 |
_aРостов-на-Дону _cКрайосоавиахим _d1934 _eКраснодар _gтип. им. Лиманского |
||
| 215 |
_a47 с. _d14х10 см. |
||
| 300 | _aПерепечатано с газ. "На страже" №№ 122 и 127 | ||
| 700 | 1 |
_7ca _8rus _aЭйдеман _bР. П. _cсов. воен. деятель, писатель _f1895-1937 _gРоберт Петрович _9200576 _3RU\NLR\AUTH\770200627 |
|
| 801 | 0 |
_aRU _bNLR _gpsbo |
|
| 801 | 1 |
_aRU _bELAR _2rusmarc |
|
| 852 |
_aNLR _j34-8/3256 |
||
| 942 | _cBOOK | ||
| 980 | _aNB | ||